000 00310nam a2200121Ia 4500
008 190216s9999||||xx |||||||||||||| ||und||
100 _aThayat Sankaran
245 0 _aMudrarakshasam
260 _b"Dr.P V Bhaskaran Nair,Publication Divisi"
_c1994
300 _a208p
650 _aMalayalam Nadakam
942 _cBK
999 _c27113
_d27113